Marketing Management (Record no. 38758)
[ view plain ]
| 000 -LEADER | |
|---|---|
| fixed length control field | 00470nam a2200193Ia 4500 |
| 008 - FIXED-LENGTH DATA ELEMENTS--GENERAL INFORMATION | |
| fixed length control field | 220531s9999 xx 000 0 und d |
| 041 ## - LANGUAGE CODE | |
| Language code of text/sound track or separate title | eng |
| 082 ## - DEWEY DECIMAL CLASSIFICATION NUMBER | |
| Item number | MAL |
| 100 ## - MAIN ENTRY--PERSONAL NAME | |
| Personal name | Mali S. R. |
| 9 (RLIN) | 69053 |
| 245 ## - TITLE STATEMENT | |
| Title | Marketing Management |
| 250 ## - EDITION STATEMENT | |
| Edition statement | 1ST |
| 260 ## - PUBLICATION, DISTRIBUTION, ETC. (IMPRINT) | |
| Place of publication, distribution, etc. | Pune |
| Name of publisher, distributor, etc. | IDOL Publications |
| Date of publication, distribution, etc. | 2014 |
| 300 ## - PHYSICAL DESCRIPTION | |
| Extent | 8.22 |
| 542 ## - INFORMATION RELATING TO COPYRIGHT STATUS | |
| Copyright holder | 04-09-2014 |
| 551 ## - | |
| -- | Commerce |
| -- | Non-grant--C |
| 650 ## - SUBJECT ADDED ENTRY--TOPICAL TERM | |
| Topical term or geographic name as entry element | Marketing |
| 9 (RLIN) | 69054 |
| 906 ## - LOCAL DATA ELEMENT F, LDF (RLIN) | |
| d | 2014-2015 |
| f | 1036 |
| Withdrawn status | Lost status | Source of classification or shelving scheme | Damaged status | Not for loan | Collection code | Home library | Current library | Date acquired | Vendor | Cost, normal purchase price | Total Checkouts | Total Holds | Full call number | Barcode | Date last seen | Bill Date | Koha item type | Original Barcode |
|---|---|---|---|---|---|---|---|---|---|---|---|---|---|---|---|---|---|---|
| Withdrawn | Dewey Decimal Classification | Shri Siddhivinayak Mahila Mahavidyalaya | Shri Siddhivinayak Mahila Mahavidyalaya | 06/09/2014 | Creative Book Service | 140.00 | 5 | /MAL/B/20226 | SSMM-BK-20226 | 06/08/2022 | 06/08/2022 | Books | 010020226 |